| 000 | 00395nam a2200145Ia 4500 | ||
|---|---|---|---|
| 008 | 231217s9999 xx 000 0 und d | ||
| 041 | _aEnglish | ||
| 082 | _a001.64404 KAL `R' | ||
| 100 | _aKalakota, Ravi Whinston, Andrew B | ||
| 245 | 0 | _aFrontiers of electronic commerce | |
| 260 |
_c1996 _bAddison-Wesley |
||
| 300 | _axiv+350 | ||
| 650 | _aElectronic commerce E commerce | ||
| 942 | _cAA | ||
| 999 |
_c166870 _d166870 |
||